Word Ladder: The Literary Life Quiz Stats

 Plays Quiz Updated Apr 16, 2015

Score 0/80 Timer 08:00
2 Plays Today
% Correct
'____ of Pi'
»Yann Martel«
LIFE
97.2%
'____ With the Wind'
»Margaret Mitchell«
GONE
95.9%
'____ Eyre'
»Charlotte Brontë«
JANE
95.2%
Summer monthJUNE
95.1%
'The ____ of the Rings'
»J.R.R. Tolkien«
LORD
94.1%
'Of ____ and Men'
»John Steinbeck«
MICE
94.1%
'To ____ a Mockingbird'
»Harper Lee«
KILL
93.6%
'Planet of the ____'
»Pierre Boulle«
APES
93.6%
EmployHIRE
93.5%
DisemployFIRE
93.5%
'Animal ____'
»George Orwell«
FARM
93.4%
'From ____ to Eternity'
»James Jones«
HERE
93.4%
Schindler had one of theseLIST
92.7%
'The ____ Machine'
»H.G. Wells«
TIME
92.4%
Narrow avenueLANE
92.2%
Mute street performerMIME
92%
Gates or Clinton, e.g.BILL
91.2%
Richard ____, US actorGERE
91.2%
SingularLONE
91%
Unit of heredityGENE
90.9%
Cooking fatLARD
90.3%
'Call of the ____'
»Jack London«
WILD
89.6%
'Paradise ____'
»John Milton«
LOST
89.6%
'A ____ with a View'
»E.M. Forster«
ROOM
89.5%
'____-Dick'
»Herman Melville«
MOBY
89.4%
Solid and stableFIRM
89.2%
Ready gun for useLOAD
89.1%
'On The ____'
»Jack Kerouac«
ROAD
88.8%
'____ Times'
»Charles Dickens«
HARD
88.8%
Parasitic insectsLICE
88.5%
Shoppers' heavenMALL
88.3%
007's surnameBOND
88.3%
Celtic item of clothingKILT
88.2%
Greek god of warARES
87.6%
Enter headfirstDIVE
87.5%
Wander aimlesslyROAM
87.4%
Vertically well-endowedTALL
87.1%
'Slaughterhouse-____'
»Kurt Vonnegut«
FIVE
87%
____ d'Ivoire, countryCÔTE
86.1%
Belly button fluffLINT
86.1%
% Correct
'A Farewell to ____'
»Ernest Hemingway«
ARMS
85.6%
Natalie or Elijah, e.g.WOOD
85.6%
Service feeFARE
85.6%
DiscourteousRUDE
85.5%
Holy ____, exclamationMOLY
84.9%
Multi-fingered extremityHAND
84.8%
Burton and Tebow, e.g.TIMS
84.8%
WitherWILT
84.3%
'Lonesome ____'
»Larry McMurtry«
DOVE
83.7%
BedsCOTS
83.3%
Coastal inletCOVE
83.3%
'____ the Obscure'
»Thomas Hardy«
JUDE
83.1%
One you prefer, for shortFAVE
83%
'____ Flanders'
»Daniel Defoe«
MOLL
82.1%
Travel uponRIDE
82%
'The Shadow ____'
»Joseph Conrad«
LINE
81.9%
Rampant or abundantRIFE
81.8%
'The ____ Jar'
»Sylvia Plath«
BELL
80.6%
SegmentPART
79.8%
DirectsAIMS
79.4%
Apple shooting folk heroTELL
79%
Urban residences (abbr.)APTS
78.6%
Nutritious grainsOATS
78.5%
Hawk or Blair, e.g.TONY
78.5%
Onomatopœia of a bell ringBONG
78.2%
Forest, in old EnglishWOLD
77.6%
Large crucifixROOD
77.5%
Playstation purveyorSONY
77.5%
'Mansfield ____'
»Jane Austen«
PARK
77.5%
'____ of Solomon'
»Toni Morrison«
SONG
77.3%
Listen!HARK
77%
HarbourPORT
76.8%
'____ Eye'
»Margaret Atwood«
CAT'S
76%
Pet form of HenryHANK
75.8%
Sturdy piece of timberPOST
75.2%
Sir __ Belch: ShakespeareTOBY
74.1%
Makes a decisionOPTS
71.8%
'A ____ in the River'
»V.S. Naipaul«
BEND
69.2%
'The Naked and the ____'
»Norman Mailer«
DEAD
54.1%
Decorative objectBEAD
53.9%

Today's Daily Dose

Missing Word
TV Shows in Movies

Word Ladder
Birds of Prey

Quick Pick
Hot Drinks Only

You're not logged in!

Compare scores with friends on all Sporcle quizzes.
OR
Log In

Show Comments

Extras

Top Quizzes Today


Score Distribution

Your Account Isn't Verified!

In order to create a playlist on Sporcle, you need to verify the email address you used during registration. Go to your Sporcle Settings to finish the process.

Report this User

Report this user for behavior that violates our Community Guidelines.

Details: